Shopping for a new experience (Record no. 81256)

MARC details
000 -LEADER
fixed length control field 01345cab a22002175a 4500
001 - CONTROL NUMBER
control field L146703
008 - FIXED-LENGTH DATA ELEMENTS--GENERAL INFORMATION
fixed length control field 090218e2009 xxk 000 0 eng d
035 ## - SYSTEM CONTROL NUMBER
System control number (Sirsi) u146703
041 0# - LANGUAGE CODE
Language code of text/sound track or separate title eng
100 1# - MAIN ENTRY--PERSONAL NAME
Personal name Jones, Peter
245 00 - TITLE STATEMENT
Title Shopping for a new experience
260 ## - PUBLICATION, DISTRIBUTION, ETC.
Date of publication, distribution, etc. 2009
490 ## - SERIES STATEMENT
Series statement Town & Country Planning
Volume/sequential designation 78(1) January 2009, 42-46(5)
520 ## - SUMMARY, ETC.
Summary, etc. In this article the authors describe the spread of 'experience retailing' (also mentioned descriptively as 'shopping led entertainment') and discuss the prospects for the spread of retailing linked to additional lifestyle services in branches (for example, in-store product testing, the use of wireless Internet areas and the like). In concluding, the authors state that there is a clear niche for this sort of retailing, where customers are treated as guests and are encouraged to make a real connection with the brands involved. This statement is made with qualifications and they are quick to suggest that there is a limit to the spread of retailer types that can run such operations and that the costs need to be considered as they are very different from traditional business models.
590 ## - LOCAL NOTE (RLIN)
Local note KA
651 #4 - SUBJECT ADDED ENTRY--GEOGRAPHIC NAME
Geographic name United Kingdom
Chronological subdivision
690 ## - LOCAL SUBJECT ADDED ENTRY--TOPICAL TERM (OCLC, RLIN)
Topical term or geographic name as entry element PROPERTY-COMMERCIAL PROPERTY-RETAIL PROPERTY
700 1# - ADDED ENTRY--PERSONAL NAME
Personal name Comfort, Daphne
700 1# - ADDED ENTRY--PERSONAL NAME
Personal name Hillier, David
942 ## - ADDED ENTRY ELEMENTS (KOHA)
Suppress in OPAC 0
Holdings
Withdrawn status Lost status Source of classification or shelving scheme Damaged status Not for loan Home library Current library Shelving location Date acquired Total Checkouts Full call number Barcode Date last seen Copy number Price effective from Koha item type
    Dewey Decimal Classification     London London Journal article 18/02/2009   L146703 146703-1001 06/08/2019 1 06/08/2019 Journal article